000 00305nam a22001337a 4500
008 170427b xxu||||| |||| 00| 0 eng d
020 _a9780136012504
041 _aeng
080 _211 ED
_a54
100 _a12
101 _aSHM
245 _aCHEMISTRY THE CENTRAL SCIENCE
_cLEMAY.B
942 _2udc
_cBK
999 _c12257
_d12257